[Event "Jerusalem Japhet Memorial Cup 4th"]
[Site "Jerusalem"]
[Date "2018.07.02"]
[Round "1"]
[White "Muzychuk, Anna"]
[Black "Svidler, Peter"]
[Result "1/2-1/2"]
[WhiteElo "2564"]
[BlackElo "2753"]
[PlyCount "46"]
[EventDate "2018.07.02"]
[EventType "tourn (rapid)"]
[EventRounds "10"]
[EventCountry "ISR"]
[EventCategory "18"]
[SourceTitle "CBM 185"]
[Source "ChessBase"]
[SourceDate "2018.07.13"]
[SourceVersion "1"]
[SourceVersionDate "2018.07.13"]
[SourceQuality "1"]

1. e4 c5 2. Nf3 d6 3. Bb5+ Nd7 4. O-O a6 5. Bd3 Ngf6 6. c3 b5 7. a4 c4 8. Be2
Bb7 9. axb5 axb5 10. Rxa8 Bxa8 11. Na3 Bxe4 12. Nxb5 d5 13. b3 cxb3 14. Ba3 e6
15. Qxb3 Nc5 16. Qa2 Bxf3 17. Bxf3 Be7 18. c4 d4 19. Bc6+ Kf8 20. Bb4 g6 21.
Qa7 Nb3 22. Qa4 Nc5 23. Qa7 Nb3 1/2-1/2

[Event "Jerusalem Japhet Memorial Cup 4th"]
[Site "Jerusalem"]
[Date "2018.07.02"]
[Round "2"]
[White "Svidler, Peter"]
[Black "Muzychuk, Anna"]
[Result "1/2-1/2"]
[WhiteElo "2753"]
[BlackElo "2564"]
[PlyCount "54"]
[EventDate "2018.07.02"]
[EventType "tourn (rapid)"]
[EventRounds "10"]
[EventCountry "ISR"]
[EventCategory "18"]
[SourceTitle "CBM 185"]
[Source "ChessBase"]
[SourceDate "2018.07.13"]
[SourceVersion "1"]
[SourceVersionDate "2018.07.13"]
[SourceQuality "1"]

1. Nf3 d5 2. c4 c6 3. e3 Nf6 4. Nc3 e6 5. Qc2 Bd6 6. b3 O-O 7. Bb2 e5 8. cxd5
cxd5 9. Nb5 Nc6 10. Nxd6 Qxd6 11. d4 Nb4 12. Qd1 e4 13. Ne5 Ne8 14. a3 f6 15.
axb4 Qxb4+ 16. Qd2 Qxd2+ 17. Kxd2 fxe5 18. Ke1 exd4 19. Bxd4 a6 20. Be2 Bd7 21.
f4 exf3 22. gxf3 Nd6 23. Be5 Nf7 24. Bd4 Nd6 25. Be5 Nf7 26. Bd4 Nd6 27. Be5
Nf7 1/2-1/2

[Event "Jerusalem Japhet Memorial Cup 4th"]
[Site "Jerusalem"]
[Date "2018.07.03"]
[Round "3"]
[White "Svidler, Peter"]
[Black "Meier, Georg"]
[Result "1-0"]
[WhiteElo "2753"]
[BlackElo "2628"]
[PlyCount "85"]
[EventDate "2018.07.02"]
[EventType "tourn (rapid)"]
[EventRounds "10"]
[EventCountry "ISR"]
[EventCategory "18"]
[SourceTitle "CBM 185"]
[Source "ChessBase"]
[SourceDate "2018.07.13"]
[SourceVersion "1"]
[SourceVersionDate "2018.07.13"]
[SourceQuality "1"]

1. e4 e6 2. d4 d5 3. Nc3 dxe4 4. Nxe4 Nd7 5. Nf3 Ngf6 6. Nxf6+ Nxf6 7. g3 b6 8.
Bb5+ Bd7 9. Be2 Bc6 10. O-O Bd6 11. Ne5 Bxe5 12. dxe5 Qd5 13. Qxd5 Nxd5 14. Rd1
O-O-O 15. Bg5 Rd7 16. c4 Nb4 17. Rxd7 Bxd7 18. c5 h6 19. Bd2 Nc2 20. Rd1 Nd4
21. Ba6+ Kb8 22. Bxh6 Nf3+ 23. Kf1 gxh6 24. Rxd7 Nxe5 25. Rd4 bxc5 26. Rh4 c6
27. f4 Nd7 28. g4 f6 29. Ke2 Kc7 30. g5 fxg5 31. fxg5 h5 32. Ke3 Ne5 33. Be2 c4
34. Rxh5 Rb8 35. Rh6 Kd6 36. h4 Rxb2 37. g6 Ke7 38. g7 Kf7 39. Rxe6 Nd3 40.
Re7+ Kg8 41. h5 Rb8 42. Bg4 Nc5 43. Bf5 1-0

[Event "Jerusalem Japhet Memorial Cup 4th"]
[Site "Jerusalem"]
[Date "2018.07.03"]
[Round "4"]
[White "Meier, Georg"]
[Black "Svidler, Peter"]
[Result "1/2-1/2"]
[WhiteElo "2628"]
[BlackElo "2753"]
[PlyCount "83"]
[EventDate "2018.07.02"]
[EventType "tourn (rapid)"]
[EventRounds "10"]
[EventCountry "ISR"]
[EventCategory "18"]
[SourceTitle "CBM 185"]
[Source "ChessBase"]
[SourceDate "2018.07.13"]
[SourceVersion "1"]
[SourceVersionDate "2018.07.13"]
[SourceQuality "1"]

1. Nf3 c5 2. c4 Nc6 3. Nc3 Nf6 4. g3 d5 5. cxd5 Nxd5 6. Bg2 Nc7 7. O-O e5 8. a3
Rb8 9. Rb1 Be7 10. b4 cxb4 11. axb4 b5 12. Qc2 Rb6 13. d3 Nxb4 14. Qb2 f6 15.
Be3 Ra6 16. Nd2 O-O 17. Nde4 Nbd5 18. Nc5 Bxc5 19. Bxc5 Nxc3 20. Qxc3 Rf7 21.
Rfc1 Be6 22. d4 exd4 23. Bxd4 Bc4 24. e4 Rd7 25. Be3 Rd3 26. Qe1 Rd7 27. h4 Ne6
28. Kh2 Rdd6 29. Bf1 Nd4 30. Bxc4+ bxc4 31. Qb4 Nf3+ 32. Kg2 Ne5 33. Qb7 h5 34.
Bxa7 Kh7 35. Be3 Ng4 36. Bf4 Ra2 37. Rb2 Rxb2 38. Qxb2 Rd4 39. Qc2 Qd7 40. e5+
Kg8 41. exf6 Nxf6 42. Qe2 1/2-1/2

[Event "Jerusalem Japhet Memorial Cup 4th"]
[Site "Jerusalem"]
[Date "2018.07.04"]
[Round "5"]
[White "Gelfand, Boris"]
[Black "Svidler, Peter"]
[Result "1-0"]
[WhiteElo "2703"]
[BlackElo "2753"]
[PlyCount "51"]
[EventDate "2018.07.02"]
[EventType "tourn (rapid)"]
[EventRounds "10"]
[EventCountry "ISR"]
[EventCategory "18"]
[SourceTitle "CBM 185"]
[Source "ChessBase"]
[SourceDate "2018.07.13"]
[SourceVersion "1"]
[SourceVersionDate "2018.07.13"]
[SourceQuality "1"]

1. d4 Nf6 2. c4 g6 3. g3 c5 4. dxc5 Qa5+ 5. Nc3 Bg7 6. Bg2 Qxc5 7. Qa4 Ng4 8.
Nh3 Nc6 9. Bd2 O-O 10. O-O d6 11. Rac1 Qd4 12. Rfd1 Be6 13. b3 Qb6 14. Qb5 Rfc8
15. Qxb6 axb6 16. Nf4 Bf5 17. Nfd5 Bd4 18. Be1 Bc5 19. b4 Bxb4 20. Nxb4 Nxb4
21. Bxb7 Rcb8 22. Bxa8 Rxa8 23. Rd2 Ne5 24. Rb2 Nbc6 25. Nd5 Ra3 26. Rxb6 1-0

[Event "Jerusalem Japhet Memorial Cup 4th"]
[Site "Jerusalem"]
[Date "2018.07.04"]
[Round "6"]
[White "Svidler, Peter"]
[Black "Gelfand, Boris"]
[Result "0-1"]
[WhiteElo "2753"]
[BlackElo "2703"]
[PlyCount "82"]
[EventDate "2018.07.02"]
[EventType "tourn (rapid)"]
[EventRounds "10"]
[EventCountry "ISR"]
[EventCategory "18"]
[SourceTitle "CBM 185"]
[Source "ChessBase"]
[SourceDate "2018.07.13"]
[SourceVersion "1"]
[SourceVersionDate "2018.07.13"]
[SourceQuality "1"]

1. e4 c5 2. Nf3 Nc6 3. Bb5 g6 4. O-O Bg7 5. Re1 Nf6 6. c3 O-O 7. d4 d5 8. e5
Ne4 9. dxc5 Bg4 10. Bf4 f6 11. e6 Nxc5 12. h3 Bxe6 13. Nd4 Nxd4 14. cxd4 Ne4
15. f3 Nd6 16. Rxe6 Nxb5 17. Nc3 Qd7 18. Qe1 Nxc3 19. bxc3 Kf7 20. Re3 Rac8 21.
Qe2 Rfe8 22. Re1 e6 23. h4 Rc4 24. g4 Qc6 25. Qd2 b5 26. g5 fxg5 27. Be5 Bxe5
28. Rxe5 gxh4 29. Qh6 Kg8 30. f4 Rxc3 31. Qxh4 Rc1 32. f5 Rxe1+ 33. Qxe1 gxf5
34. Qh4 Qc7 35. Re2 Re7 36. Kf1 Qd7 37. Qf6 Rf7 38. Rg2+ Rg7 39. Rc2 f4 40. Qe5
Qe8 41. Rf2 Qc8 0-1

[Event "Jerusalem Japhet Memorial Cup 4th"]
[Site "Jerusalem"]
[Date "2018.07.05"]
[Round "7"]
[White "Nepomniachtchi, Ian"]
[Black "Svidler, Peter"]
[Result "1/2-1/2"]
[WhiteElo "2757"]
[BlackElo "2753"]
[PlyCount "98"]
[EventDate "2018.07.02"]
[EventType "tourn (rapid)"]
[EventRounds "10"]
[EventCountry "ISR"]
[EventCategory "18"]
[SourceTitle "CBM 185"]
[Source "ChessBase"]
[SourceDate "2018.07.13"]
[SourceVersion "1"]
[SourceVersionDate "2018.07.13"]
[SourceQuality "1"]

1. e4 e5 2. Nf3 Nc6 3. Bb5 a6 4. Ba4 Nf6 5. O-O Be7 6. d3 b5 7. Bb3 d6 8. a3
Na5 9. Ba2 c5 10. Nc3 Be6 11. Nh4 O-O 12. Nf5 Nc6 13. Ne3 Nd7 14. Ncd5 Bg5 15.
Bd2 a5 16. a4 b4 17. c3 Rb8 18. Bc4 Bxe3 19. Bxe3 Nb6 20. Nxb6 Qxb6 21. Bxe6
fxe6 22. Qg4 Rbe8 23. Rab1 Qa6 24. Rfd1 Kh8 25. h4 h6 26. Rbc1 Qb6 27. Rb1 Kh7
28. Rbc1 Qa7 29. Rd2 Qf7 30. Qg3 Rc8 31. d4 cxd4 32. cxd4 Nxd4 33. Rxc8 Rxc8
34. Bxd4 exd4 35. Rxd4 Rc1+ 36. Kh2 Rc2 37. f3 Rxb2 38. Rxd6 Ra2 39. Rd8 Qe7
40. Rb8 Rxa4 41. f4 Ra3 42. Qg4 Rd3 43. h5 Rd8 44. Rb6 Rd6 45. Qg6+ Kh8 46.
Rxd6 Qxd6 47. Qe8+ Kh7 48. e5 Qd4 49. Qg6+ Kh8 1/2-1/2

[Event "Jerusalem Japhet Memorial Cup 4th"]
[Site "Jerusalem"]
[Date "2018.07.05"]
[Round "8"]
[White "Svidler, Peter"]
[Black "Nepomniachtchi, Ian"]
[Result "1-0"]
[WhiteElo "2753"]
[BlackElo "2757"]
[PlyCount "55"]
[EventDate "2018.07.02"]
[EventType "tourn (rapid)"]
[EventRounds "10"]
[EventCountry "ISR"]
[EventCategory "18"]
[SourceTitle "CBM 185"]
[Source "ChessBase"]
[SourceDate "2018.07.13"]
[SourceVersion "1"]
[SourceVersionDate "2018.07.13"]
[SourceQuality "1"]

1. Nf3 c5 2. e4 d6 3. Bb5+ Nd7 4. O-O a6 5. Bd3 Ngf6 6. c3 b5 7. a4 c4 8. Be2
Bb7 9. axb5 axb5 10. Rxa8 Bxa8 11. Na3 Bxe4 12. Nxb5 d5 13. b3 cxb3 14. Qxb3 e6
15. Ba3 Nc5 16. Qb4 Bxf3 17. gxf3 Be7 18. Rb1 Ncd7 19. Nd6+ Kf8 20. Qa4 g5 21.
Rb7 Kg7 22. Bb5 Bxd6 23. Bxd6 Nf8 24. Be7 Qc8 25. Qd4 e5 26. Qxe5 Qe6 27. Bxf8+
Kxf8 28. Rb8+ 1-0

[Event "Jerusalem Japhet Memorial Cup 4th"]
[Site "Jerusalem"]
[Date "2018.07.06"]
[Round "10"]
[White "Ivanchuk, Vassily"]
[Black "Svidler, Peter"]
[Result "1/2-1/2"]
[WhiteElo "2710"]
[BlackElo "2753"]
[PlyCount "96"]
[EventDate "2018.07.02"]
[EventType "tourn (rapid)"]
[EventRounds "10"]
[EventCountry "ISR"]
[EventCategory "18"]
[SourceTitle "CBM 185"]
[Source "ChessBase"]
[SourceDate "2018.07.13"]
[SourceVersion "1"]
[SourceVersionDate "2018.07.13"]
[SourceQuality "1"]

1. d4 Nf6 2. c4 g6 3. Nc3 d5 4. Nf3 Bg7 5. Qb3 dxc4 6. Qxc4 O-O 7. e4 a6 8. Be2
b5 9. Qb3 c5 10. dxc5 Nbd7 11. e5 Nxc5 12. Qb4 Nfd7 13. Be3 a5 14. Qh4 e6 15.
Qxd8 Rxd8 16. Nxb5 Bb7 17. Rc1 Ne4 18. Bd4 g5 19. h3 h5 20. Rc7 Bd5 21. Bc4
Bxc4 22. Rxc4 Rac8 23. Rxc8 Rxc8 24. O-O g4 25. hxg4 hxg4 26. Re1 Nec5 27. Nd2
Nd3 28. Rd1 N7xe5 29. Ne4 Rc2 30. Kf1 Nxb2 31. Na3 Nxd1 32. Nxc2 Nc6 33. Nf6+
Bxf6 34. Bxf6 e5 35. Na3 Nb2 36. Ke2 Kh7 37. Kd2 Kg6 38. Bh4 Na4 39. Nc4 f6 40.
f3 gxf3 41. gxf3 Nd4 42. Bg3 Nxf3+ 43. Ke3 Nd4 44. Ke4 Nc3+ 45. Kd3 Nxa2 46.
Bxe5 Nc6 47. Bxf6 Kxf6 48. Nxa5 Nxa5 1/2-1/2

[Event "Biel GM 51st"]
[Site "Biel"]
[Date "2018.08.01"]
[Round "10"]
[White "Svidler, Peter"]
[Black "Mamedyarov, Shakhriyar"]
[Result "1/2-1/2"]
[WhiteElo "2753"]
[BlackElo "2801"]
[Annotator "Golubev,M"]
[PlyCount "76"]
[EventDate "2018.07.22"]
[EventType "tourn"]
[EventRounds "10"]
[EventCountry "SUI"]
[EventCategory "20"]
[SourceTitle "CBM 186"]
[Source "ChessBase"]
[SourceDate "2018.09.14"]
[SourceVersion "1"]
[SourceVersionDate "2018.09.14"]
[SourceQuality "1"]

1. c4 Nf6 2. Nc3 e6 3. e4 d5 4. e5 d4 5. exf6 dxc3 6. bxc3 Qxf6 7. Nf3 ({
In this important theoretical variation Svidler previously twice went for} 7.
d4 b6 8. Be2 Bb7 9. Bf3 Bxf3 10. Nxf3 Bd6 11. Qa4+ c6 12. O-O O-O 13. Rb1) 7...
b6 ({A Round 5 game Vachier-Lagrave - Georgiadis saw} 7... Nc6 8. d4 e5 {
and now} 9. Be2 exd4 10. Bg5 Qg6 11. O-O {- an idea, which attracted attention
after the game Dubov-Nakamura, Moscow Tal mem rapid 2018.}) 8. Bd3 $5 ({
A usual continuation is} 8. d4 Bb7 {. At the press conference Svidler
mentioned the idea} 9. Bd3 Bxf3 10. Qxf3 Qxf3 11. gxf3 Nc6 $5) 8... Bb7 9. Bc2
$146 {Not a particularly impressive novelty.} Bxf3 10. Qxf3 Qxf3 11. gxf3 Nd7
$11 12. d4 c5 13. O-O {Perhaps, White also could have placed his king on e2
and the bishop on e3.} cxd4 14. cxd4 Rc8 15. Bd3 Bd6 ({A curious idea is} 15...
Bb4 $5 {and if} 16. Bb2 (16. Rb1 Bc3 17. Be3 e5 $1) 16... O-O {: the bishop is
somewhat misplaced on b2, because White normally wants to control the
f4-square.}) 16. Rb1 $5 O-O ({The Russian grandmaster anticipated} 16... e5 $5
{which probably was a good, equalising move.} 17. Re1 (17. Rb5 exd4 18. Rd5 Rc6
$5 {Svidler}) ({after} 17. c5 $5 bxc5 {, Svidler,} 18. dxe5 Nxe5 $8 19. Ba6 $11
{White probably has enough for a pawn}) 17... Kd8 $5 {Svidler} (17... O-O 18.
Bf5 {also tends to be equal}) 18. c5 bxc5 19. dxe5 Nxe5 20. Be4 $11 {Mamedyarov
}) 17. f4 $1 Rfd8 18. Be3 g6 ({An alternative was} 18... Nf8 $5 19. Rfd1 Ng6)
19. Rfd1 Be7 20. a4 {Eventually, White has obtained a slightly better position.
But Mamedyarov played precisely in the remaining part of the game and
confidently achieved a draw.} Nb8 $1 21. Be2 Rc7 22. c5 {Perhaps, it wasn't
necessary to rush.} bxc5 23. dxc5 Rxd1+ 24. Bxd1 ({Or} 24. Rxd1 Nd7 25. c6 Nb6
$1 $11) 24... Na6 $1 25. c6 Rxc6 26. Bxa7 Bc5 27. Bxc5 Rxc5 28. Be2 Ra5 29.
Bxa6 Rxa6 30. Rb4 $11 ({After} 30. Ra1 $6 Ra5 $1 {it is rather White who can
have some problems.}) 30... Rc6 31. Kg2 Rc3 32. a5 Ra3 33. Rb5 Kg7 34. Rc5 Kg8
35. Rc8+ Kg7 36. Rc5 Kg8 37. Rc8+ Kg7 38. Rc5 Kg8 1/2-1/2

[Event "Wch Rapid"]
[Site "St Petersburg"]
[Date "2018.12.26"]
[Round "1"]
[White "Rechlis, Gad"]
[Black "Svidler, Peter"]
[Result "0-1"]
[WhiteElo "2521"]
[BlackElo "2737"]
[PlyCount "66"]
[EventDate "2018.12.26"]
[EventType "swiss (rapid)"]
[EventRounds "15"]
[EventCountry "RUS"]
[SourceTitle "CBM 187 Extra"]
[Source "ChessBase"]
[SourceDate "2018.11.04"]
[SourceVersion "1"]
[SourceVersionDate "2018.11.04"]
[SourceQuality "1"]

1. e4 c5 2. Nc3 g6 3. f4 Bg7 4. Nf3 Nc6 5. g3 e6 6. e5 d6 7. Ne4 dxe5 8. fxe5
Nxe5 9. Nxe5 Bxe5 10. Bb5+ Kf8 11. Qf3 Kg7 12. Nxc5 Qb6 13. Qe3 Bd6 14. b4 e5
15. Bb2 f6 16. a4 Ne7 17. O-O Rf8 18. Rf2 Nd5 19. Qe4 Nxb4 20. d4 exd4 21. Nb3
Bf5 22. Rxf5 gxf5 23. Qxf5 Be5 24. Ba3 d3+ 25. Kh1 a6 26. Bxb4 axb5 27. Bxf8+
Rxf8 28. Rd1 Qc6+ 29. Kg1 bxa4 30. Rxd3 axb3 31. Rd7+ Rf7 32. Qg4+ Kf8 33. Qb4+
Ke8 0-1

[Event "Wch Rapid"]
[Site "St Petersburg"]
[Date "2018.12.26"]
[Round "2"]
[White "Svidler, Peter"]
[Black "Lintchevski, Daniil"]
[Result "1-0"]
[WhiteElo "2737"]
[BlackElo "2516"]
[PlyCount "87"]
[EventDate "2018.12.26"]
[EventType "swiss (rapid)"]
[EventRounds "15"]
[EventCountry "RUS"]
[SourceTitle "CBM 187 Extra"]
[Source "ChessBase"]
[SourceDate "2018.11.04"]
[SourceVersion "1"]
[SourceVersionDate "2018.11.04"]
[SourceQuality "1"]

1. e4 c5 2. Nf3 e6 3. d4 cxd4 4. Nxd4 Nf6 5. Nc3 Nc6 6. a3 d6 7. Be3 Be7 8. Qe2
a6 9. O-O-O Qc7 10. g4 Nxd4 11. Rxd4 b5 12. g5 Nd7 13. f4 Bb7 14. Rg1 Nb6 15.
Qf2 d5 16. Rd1 Nc4 17. Bxc4 Qxc4 18. Bd4 O-O-O 19. Bxg7 Rhg8 20. Be5 Bc5 21.
Bd4 Be7 22. e5 Kb8 23. Kb1 Rc8 24. Rg3 Qc6 25. Qe2 Qe8 26. h4 h6 27. Rdg1 Rh8
28. g6 Bxh4 29. g7 Rg8 30. Rh3 Be7 31. Rxh6 Rc4 32. Qf2 Qc8 33. Rg3 b4 34. axb4
Rxb4 35. f5 exf5 36. e6 f6 37. Bxf6 Bc5 38. Qxf5 d4 39. Rh8 dxc3 40. Rxc3 Re4
41. Rxc5 Qe8 42. Rxg8 Qxg8 43. Be5+ Ka7 44. Qf2 1-0

[Event "Wch Rapid"]
[Site "St Petersburg"]
[Date "2018.12.26"]
[Round "3"]
[White "Alekseev, Evgeny V"]
[Black "Svidler, Peter"]
[Result "1/2-1/2"]
[WhiteElo "2639"]
[BlackElo "2737"]
[PlyCount "39"]
[EventDate "2018.12.26"]
[EventType "swiss (rapid)"]
[EventRounds "15"]
[EventCountry "RUS"]
[SourceTitle "CBM 187 Extra"]
[Source "ChessBase"]
[SourceDate "2018.11.04"]
[SourceVersion "1"]
[SourceVersionDate "2018.11.04"]
[SourceQuality "1"]

1. e4 c5 2. Nf3 e6 3. c3 Nf6 4. e5 Nd5 5. d4 cxd4 6. cxd4 b6 7. Nc3 Nxc3 8.
bxc3 Qc7 9. Bd2 d6 10. Bd3 Nd7 11. Ng5 Bb7 12. Qh5 g6 13. Qh3 dxe5 14. O-O Be7
15. Rae1 Bxg5 16. Bxg5 f5 17. dxe5 Kf7 18. Re3 h6 19. Bh4 g5 20. Bxf5 1/2-1/2

[Event "Wch Rapid"]
[Site "St Petersburg"]
[Date "2018.12.26"]
[Round "4"]
[White "Svidler, Peter"]
[Black "Pantsulaia, Levan"]
[Result "1-0"]
[WhiteElo "2737"]
[BlackElo "2597"]
[PlyCount "125"]
[EventDate "2018.12.26"]
[EventType "swiss (rapid)"]
[EventRounds "15"]
[EventCountry "RUS"]
[SourceTitle "CBM 187 Extra"]
[Source "ChessBase"]
[SourceDate "2018.11.04"]
[SourceVersion "1"]
[SourceVersionDate "2018.11.04"]
[SourceQuality "1"]

1. Nf3 Nf6 2. c4 c5 3. g3 b6 4. Bg2 Bb7 5. O-O e6 6. Nc3 d6 7. Re1 Nbd7 8. e4
Ne5 9. d4 Nxf3+ 10. Bxf3 cxd4 11. Nb5 Be7 12. Bg2 a6 13. Nxd4 Qc7 14. b3 O-O
15. Ba3 Rac8 16. Qe2 Rfd8 17. Rad1 Bf8 18. Bb2 Qb8 19. h3 Qa8 20. Nc2 Nd7 21.
Kh2 Nc5 22. Nb4 Nd7 23. Nd3 b5 24. cxb5 axb5 25. Ra1 d5 26. exd5 Bxd5 27. Bxd5
Qxd5 28. Nf4 Qf5 29. Rec1 Nc5 30. Kg2 Ne4 31. Rxc8 Rxc8 32. a4 bxa4 33. bxa4
Nxf2 34. Rc1 Rxc1 35. Bxc1 Ne4 36. g4 Qc5 37. Qxe4 Qxc1 38. Nd3 Qd2+ 39. Kf3
Qh2 40. Nf2 h5 41. Qf4 hxg4+ 42. hxg4 Qg1 43. Qc7 Qa1 44. a5 Qa3+ 45. Kg2 Qa4
46. Qb6 Qc4 47. a6 Bc5 48. Qd8+ Kh7 49. Qh4+ Kg8 50. Qd8+ Kh7 51. Qd3+ Qxd3 52.
Nxd3 Bb6 53. Ne5 f6 54. Nd7 Ba7 55. Nf8+ Kh6 56. Nxe6 Kg6 57. Kf3 f5 58. g5 Kh5
59. Kf4 g6 60. Ng7+ Kh4 61. Nxf5+ Kh3 62. Ne7 Bb8+ 63. Ke4 1-0

[Event "Wch Rapid"]
[Site "St Petersburg"]
[Date "2018.12.26"]
[Round "5"]
[White "Bazeev, German"]
[Black "Svidler, Peter"]
[Result "1/2-1/2"]
[WhiteElo "2416"]
[BlackElo "2737"]
[PlyCount "83"]
[EventDate "2018.12.26"]
[EventType "swiss (rapid)"]
[EventRounds "15"]
[EventCountry "RUS"]
[SourceTitle "CBM 187 Extra"]
[Source "ChessBase"]
[SourceDate "2018.11.04"]
[SourceVersion "1"]
[SourceVersionDate "2018.11.04"]
[SourceQuality "1"]

1. d4 Nf6 2. Nf3 g6 3. c4 Bg7 4. Nc3 d5 5. cxd5 Nxd5 6. Qa4+ Nc6 7. e4 Nb6 8.
Qc2 Nxd4 9. Nxd4 Bxd4 10. Bh6 e5 11. Nb5 c6 12. Nxd4 Qxd4 13. a3 Be6 14. Rd1
Qa4 15. Qxa4 Nxa4 16. Bg7 Rg8 17. Bxe5 f5 18. exf5 gxf5 19. f3 Kf7 20. Kf2 Rgd8
21. Be2 Bb3 22. Rxd8 Rxd8 23. Ke3 Rd5 24. f4 Rd7 25. g4 Nb6 26. gxf5 Nd5+ 27.
Kf2 Bc2 28. Bh5+ Ke7 29. Re1 Bxf5 30. Bb8+ Kf8 31. Re8+ Kg7 32. Be5+ Kh6 33.
Bf3 Rf7 34. Bxd5 cxd5 35. Ke3 Kh5 36. Rg8 h6 37. Rg3 Be6 38. Kd4 Rf8 39. Rb3 b6
40. Rc3 Kg4 41. Rc6 Kf5 42. Bg7 1/2-1/2

[Event "Wch Rapid"]
[Site "St Petersburg"]
[Date "2018.12.27"]
[Round "6"]
[White "Svidler, Peter"]
[Black "Vitiugov, Nikita"]
[Result "1/2-1/2"]
[WhiteElo "2737"]
[BlackElo "2719"]
[PlyCount "53"]
[EventDate "2018.12.26"]
[EventType "swiss (rapid)"]
[EventRounds "15"]
[EventCountry "RUS"]
[SourceTitle "CBM 187 Extra"]
[Source "ChessBase"]
[SourceDate "2018.11.04"]
[SourceVersion "1"]
[SourceVersionDate "2018.11.04"]
[SourceQuality "1"]

1. Nf3 d5 2. c4 d4 3. b4 c5 4. g3 cxb4 5. a3 e6 6. Bg2 Nc6 7. O-O a5 8. axb4
Bxb4 9. Ne1 Nge7 10. Nd3 O-O 11. Nxb4 Nxb4 12. Ba3 Ra6 13. d3 e5 14. Nd2 Rh6
15. Bxb4 axb4 16. Qa4 Nc6 17. Qb5 Qe7 18. Rfb1 Bg4 19. Re1 Bh3 20. Bd5 Bg4 21.
Ne4 Bf5 22. Qc5 Qd7 23. Ng5 Rf6 24. Reb1 h6 25. Ne4 Bxe4 26. Bxe4 Re8 27. Qb5
1/2-1/2

[Event "Wch Rapid"]
[Site "St Petersburg"]
[Date "2018.12.27"]
[Round "7"]
[White "Gelfand, Boris"]
[Black "Svidler, Peter"]
[Result "1/2-1/2"]
[WhiteElo "2673"]
[BlackElo "2737"]
[PlyCount "134"]
[EventDate "2018.12.26"]
[EventType "swiss (rapid)"]
[EventRounds "15"]
[EventCountry "RUS"]
[SourceTitle "CBM 187 Extra"]
[Source "ChessBase"]
[SourceDate "2018.11.04"]
[SourceVersion "1"]
[SourceVersionDate "2018.11.04"]
[SourceQuality "1"]

1. Nf3 c5 2. c4 Nc6 3. Nc3 Nf6 4. e3 e6 5. d4 d5 6. a3 dxc4 7. Bxc4 a6 8. O-O
b5 9. Ba2 Bb7 10. Qe2 Qc7 11. Bd2 Rd8 12. dxc5 Bxc5 13. Rac1 Bd6 14. Bb1 Qb8
15. Ne4 Nxe4 16. Bxe4 Ne7 17. Bxb7 Qxb7 18. Ba5 Rd7 19. Rfd1 Nc6 20. Bc3 O-O
21. Ng5 Be7 22. Qg4 Bxg5 23. Qxg5 f6 24. Qg4 Kf7 25. Qh5+ Kg8 26. Qg4 Kf7 27.
Qe4 Rfd8 28. Rxd7+ Qxd7 29. h3 Rc8 30. Qxh7 Ne7 31. Qh5+ Kg8 32. Rd1 Qc6 33.
Qg4 Nd5 34. Ba5 f5 35. Qd4 Qc2 36. Qd2 Kf7 37. Qxc2 Rxc2 38. Rd2 Rc4 39. Bd8 b4
40. axb4 Rxb4 41. Rc2 Ke8 42. Ba5 Rb5 43. Bd2 a5 44. Kf1 a4 45. Ke2 Rb3 46. Bc1
Nb4 47. Rc8+ Kd7 48. Rc4 Na2 49. Kd1 Nxc1 50. Kxc1 a3 51. bxa3 Rxa3 52. Rb4 Ke7
53. Kd2 Kf6 54. Ke2 Ra2+ 55. Kf3 Rc2 56. Rb8 Ra2 57. g4 g5 58. Rg8 Rb2 59. Kg3
Rb3 60. Kg2 Rb2 61. Rh8 Kg6 62. Ra8 Kf6 63. Ra4 Kg6 64. gxf5+ exf5 65. h4 f4
66. exf4 gxh4 67. Ra5 h3+ 1/2-1/2

[Event "Wch Rapid"]
[Site "St Petersburg"]
[Date "2018.12.27"]
[Round "8"]
[White "Svidler, Peter"]
[Black "Zubov, Alexander"]
[Result "1-0"]
[WhiteElo "2737"]
[BlackElo "2597"]
[PlyCount "105"]
[EventDate "2018.12.26"]
[EventType "swiss (rapid)"]
[EventRounds "15"]
[EventCountry "RUS"]
[SourceTitle "CBM 187 Extra"]
[Source "ChessBase"]
[SourceDate "2018.11.04"]
[SourceVersion "1"]
[SourceVersionDate "2018.11.04"]
[SourceQuality "1"]

1. e4 Nc6 2. Nf3 d6 3. d4 Nf6 4. Nc3 g6 5. d5 Nb8 6. h3 Bg7 7. Be3 O-O 8. Bc4
a6 9. a4 e6 10. dxe6 Bxe6 11. Bxe6 fxe6 12. e5 dxe5 13. Qxd8 Rxd8 14. Ng5 Rd6
15. Nce4 Nxe4 16. Nxe4 Rd5 17. Nc5 Nd7 18. Nxe6 Rd6 19. Rd1 Rc8 20. Ke2 Bf6 21.
b4 Kf7 22. Nc5 Nxc5 23. bxc5 Rc6 24. Rd5 b6 25. Rb1 Ke6 26. c4 bxc5 27. Rxc5
Rxc5 28. Bxc5 Kd7 29. Kd3 Kc6 30. Be3 Be7 31. Ke4 Bc5 32. Kxe5 Re8+ 33. Kf4
Bxe3+ 34. fxe3 Kc5 35. e4 Re7 36. e5 Kd4 37. Rd1+ Kxc4 38. Ke4 Kb4 39. Rd4+ Kc5
40. Rd8 Kc6 41. h4 Kc5 42. g4 Kc6 43. h5 gxh5 44. gxh5 Rf7 45. e6 Rf2 46. Ke5
Re2+ 47. Kf6 Rf2+ 48. Kg7 Re2 49. Kf7 Rf2+ 50. Ke8 h6 51. e7 Rf4 52. Rd1 Rb4
53. Re1 1-0

[Event "Wch Rapid"]
[Site "St Petersburg"]
[Date "2018.12.28"]
[Round "11"]
[White "Alekseenko, Kirill"]
[Black "Svidler, Peter"]
[Result "0-1"]
[WhiteElo "2638"]
[BlackElo "2737"]
[PlyCount "56"]
[EventDate "2018.12.26"]
[EventType "swiss (rapid)"]
[EventRounds "15"]
[EventCountry "RUS"]
[SourceTitle "CBM 187 Extra"]
[Source "ChessBase"]
[SourceDate "2018.11.04"]
[SourceVersion "1"]
[SourceVersionDate "2018.11.04"]
[SourceQuality "1"]

1. d4 Nf6 2. c4 g6 3. Nc3 d5 4. cxd5 Nxd5 5. e4 Nxc3 6. bxc3 Bg7 7. Qa4+ Qd7 8.
Bb5 c6 9. Be2 O-O 10. Qa3 b6 11. Nf3 c5 12. d5 e6 13. Be3 exd5 14. Rd1 Re8 15.
exd5 Qd6 16. O-O Bf5 17. Rfe1 Nd7 18. Nd4 Be5 19. Nb5 Bxh2+ 20. Kh1 Qe5 21. Bf3
a6 22. Bc1 Qf6 23. Kxh2 axb5 24. Qb2 Ne5 25. Be2 Bg4 26. Qxb5 Qxf2 27. Kh1 Nf3
28. gxf3 Rxe2 0-1